000 00503nam a2200157Ia 4500
005 20250424120337.0
008 250424s9999 xx 000 0 und d
022 _a00438200
050 _aJX 1901 .W7/
245 0 _aWorld affairs: a journal of ideas and debate
260 _bStanford University
260 _c2010
300 _av. , 100 p. : ill. , ports. ; 26 cm.
650 _aInternational relations--Periodicals. Peace--Periodicals. Arbitration (International law)--Periodicals.
942 _cSR
999 _c38780
_d38780